| 000 | 00905nam a22002297a 4500 | ||
|---|---|---|---|
| 999 |
_c8558 _d8558 |
||
| 003 | AR-CdUCM | ||
| 008 | 190325b ||||| |||| 00| 0 spa d | ||
| 020 | _a84-85679-46-6 | ||
| 040 |
_aMUNICIPALIDAD PROVINCIAL DEL CUSCO _cBIBLIOTECA MUNICIPAL DEL CUSCO |
||
| 082 |
_a086.920 / _bP967 |
||
| 100 |
_aCacho Viu, Vicente _923972 |
||
| 245 |
_aProtagonistas de la historia del Perú y el mundo / _cVicente Cacho Viu; Director José, Florit Capella. |
||
| 260 |
_aLima : _bEditorial El Quijote, _c1988. |
||
| 300 |
_a4 volúmenes ; _bFotografías, _c26 cm. |
||
| 505 | _aContenido: V.1 - V.2 - V.3 - V.4: Protagonistas de la historia del Perú - Nuestro tiempo - Protagonistas de la historia del mundo. | ||
| 650 |
_aIntelectuales _93971 |
||
| 650 |
_aHistoria universal _91423 |
||
| 650 |
_aBiografías _9148 |
||
| 700 |
_aFlorit Capella, José (director) _923973 |
||
| 942 |
_2ddc _cLIBROS |
||
| 945 | _adavv | ||